000 00709cab a2200241 4500
001 WB2837-27
008 090401t1992 xxu||||| |||| 00| 0 eng d
035 _a(Sirsi) u19175
041 _aeng
245 _aPreservation of historic land
260 _c1992
350 _a0
490 _aIndependent
_v21 September 1992, 8(1)
520 _aHistoric landscapes are being left without legal protection following a refusal by English Heritage to include them in its schedule of ancient monuments.
650 _aANCIENT MONUMENTS
650 _aBATTLE FIELDS
650 _aDARTMOOR
650 _aHISTORIC LANDSCAPES
690 _aCONSERVATION
690 _aLAND
942 _n0
948 _c04/03/1997
999 _c12774
_d12774